[Event "Col Ch "]
[Site "Ibague "]
[Date "2013.07.02"]
[Round "2.48"]
[White "Castro, Alexander"]
[Black "Ordonez Gonzalez, Gabriel"]
[Result "1-0"]
[WhiteElo "2142"]
[BlackElo "1909"]
[PlyCount "91"]
[EventDate "2013.07.01"]
[EventType "swiss"]
[EventRounds "11"]
[EventCountry "COL"]
[SourceDate "2005.09.12"]

1. c4 e5 2. g3 Nf6 3. Bg2 Be7 4. Nc3 Nc6 5. a3 a5 6. Nf3 O-O 7. O-O d5 8. cxd5
Nxd5 9. Qc2 Be6 10. Ne4 f5 11. Nc5 Bxc5 12. Qxc5 Qd6 13. Qxd6 cxd6 14. Ng5 Nc7
15. Nxe6 Nxe6 16. Bd5 Kf7 17. d3 Ke7 18. f4 Nc7 19. Bg2 Ne6 20. Kf2 Ncd4 21.
fxe5 dxe5 22. Bxb7 Rab8 23. Ba6 Nc5 24. Bc4 Nc2 25. Ra2 Nd4 26. b4 axb4 27.
axb4 Nd7 28. e3 Ne6 29. b5 Rfc8 30. Ra7 Rc7 31. Ba3+ Kf6 32. Ra6 Rb6 33. Bb4
Nec5 34. Rxb6+ Nxb6 35. Ba5 Ncd7 36. Ra1 Rb7 37. Bxb6 Rxb6 38. Ra6 h6 39. Bd5
Ke7 40. Bc6 Rxa6 41. bxa6 Nb6 42. a7 g5 43. a8=Q Nxa8 44. Bxa8 Kd6 45. d4 f4
46. gxf4 1-0

[Event "Col Ch "]
[Site "Ibague "]
[Date "2013.07.02"]
[Round "2.49"]
[White "Florez, Carlos Julio"]
[Black "Moreno, Julian David"]
[Result "1-0"]
[WhiteElo "2130"]
[BlackElo "1869"]
[PlyCount "101"]
[EventDate "2013.07.01"]
[EventType "swiss"]
[EventRounds "11"]
[EventCountry "COL"]
[SourceDate "2005.09.12"]

1. e4 e5 2. Nf3 Nc6 3. Bb5 Nge7 4. O-O g6 5. c3 Bg7 6. Re1 O-O 7. d3 d6 8. Bg5
h6 9. Bxc6 bxc6 10. Bh4 f5 11. exf5 Bxf5 12. d4 g5 13. Bg3 e4 14. Nfd2 d5 15.
f3 exf3 16. Nxf3 Ng6 17. Nbd2 c5 18. Qa4 cxd4 19. Nxd4 Bd7 20. Qa3 Qc8 21. N2b3
Re8 22. Qc5 c6 23. Na5 Nf4 24. Bxf4 gxf4 25. Ndxc6 Bxc6 26. Qxc6 Qd8 27. Rxe8+
Qxe8 28. Qxd5+ Kh8 29. Nc4 Rd8 30. Nd6 Qe3+ 31. Kf1 Rf8 32. Nf5 Qb6 33. Nxg7 f3
34. Nf5 Qg6 35. Ng3 Qa6+ 36. c4 Qb6 37. gxf3 Qxb2 38. Re1 Qxh2 39. Qe5+ Kh7 40.
Qe7+ Kg8 41. Qe6+ Kh8 42. Qe5+ Kh7 43. Re3 Kg8 44. Qd5+ Kh8 45. Qd4+ Kg8 46.
Qg4+ Kf7 47. Rd3 Re8 48. Qf5+ Kg8 49. Rd7 Re1+ 50. Kxe1 Qg1+ 51. Nf1 1-0

[Event "Col Ch "]
[Site "Ibague "]
[Date "2013.07.02"]
[Round "2.51"]
[White "Agudelo, Carlos Hernan"]
[Black "Torres, Jose Leonardo"]
[Result "1-0"]
[WhiteElo "2065"]
[BlackElo "1787"]
[PlyCount "93"]
[EventDate "2013.07.01"]
[EventType "swiss"]
[EventRounds "11"]
[EventCountry "COL"]
[SourceDate "2005.09.12"]

1. c3 e5 2. g3 d5 3. Bg2 Be6 4. d3 Nd7 5. Nf3 Bd6 6. Ng5 Ngf6 7. Nxe6 fxe6 8.
O-O O-O 9. Nd2 Qe7 10. e4 c6 11. Qe2 h6 12. f4 Nh7 13. fxe5 Nxe5 14. d4 Ng6 15.
e5 Bc7 16. Qg4 Rxf1+ 17. Nxf1 Qf7 18. Bh3 Re8 19. Be3 Bb6 20. Nd2 Nxe5 21. Qe2
Nd7 22. Rf1 Nhf6 23. Nf3 Qe7 24. Nh4 e5 25. Nf5 Qd8 26. Nxh6+ gxh6 27. Bxd7
Nxd7 28. Qg4+ Kh8 29. Rf7 Rg8 30. Qe6 Qh4 31. Qxd7 Qe4 32. Bxh6 exd4 33. Qh3
Qe1+ 34. Kg2 Qe2+ 35. Kg1 Qe1+ 36. Kg2 Qe4+ 37. Rf3 Qh7 38. Qh5 Qg6 39. Qe5+
Kh7 40. Qe7+ Kh8 41. Qh4 Bd8 42. Bg5+ Kg7 43. Bxd8 Rf8 44. Qe7+ Rf7 45. Qxf7+
Qxf7 46. Rxf7+ Kxf7 47. cxd4 1-0

[Event "Col Ch "]
[Site "Ibague "]
[Date "2013.07.02"]
[Round "2.53"]
[White "Culma, Ruben"]
[Black "Sosa Florez, Luis Felipe"]
[Result "1-0"]
[WhiteElo "2029"]
[BlackElo "1738"]
[PlyCount "53"]
[EventDate "2013.07.01"]
[EventType "swiss"]
[EventRounds "11"]
[EventCountry "COL"]
[SourceDate "2005.09.12"]

1. d4 d5 2. c3 Nf6 3. Bf4 e6 4. e3 Bd6 5. Bg3 b6 6. Bd3 Bb7 7. Nd2 h6 8. Ngf3
Nbd7 9. O-O Bxg3 10. hxg3 O-O 11. Re1 c5 12. e4 dxe4 13. Nxe4 cxd4 14. Nxd4
Nxe4 15. Bxe4 Bxe4 16. Rxe4 Nf6 17. Re5 Qc7 18. f4 Rfd8 19. Qf3 Rd5 20. Rae1
Rad8 21. g4 Rxe5 22. Rxe5 Rd5 23. g5 hxg5 24. Rxg5 Rxg5 25. fxg5 Nd5 26. g6 Nf6
27. Qa8+ 1-0

[Event "Col Ch "]
[Site "Ibague "]
[Date "2013.07.02"]
[Round "2.55"]
[White "Osorio, Alejandro"]
[Black "Barros, Raul"]
[Result "1/2-1/2"]
[WhiteElo "1883"]
[BlackElo "2019"]
[PlyCount "90"]
[EventDate "2013.07.01"]
[EventType "swiss"]
[EventRounds "11"]
[EventCountry "COL"]
[SourceDate "2005.09.12"]

1. d4 c5 2. d5 e5 3. c4 d6 4. Nc3 a6 5. e4 Ne7 6. Bd3 Nd7 7. Nge2 g6 8. O-O Bg7
9. Kh1 O-O 10. f4 exf4 11. Bxf4 Ne5 12. Qd2 Bd7 13. a4 h6 14. Rae1 Kh7 15. Ng3
Qb6 16. Re2 h5 17. Ref2 Kg8 18. h3 Rae8 19. Rd1 Qc7 20. Nf1 Kh7 21. Nh2 Qc8 22.
Bf1 f5 23. b3 Ng8 24. Nf3 Nxf3 25. gxf3 Nf6 26. Bxd6 fxe4 27. fxe4 Nxe4 28.
Nxe4 Rxe4 29. Bxf8 Bxf8 30. Bg2 Rd4 31. Qe2 Rxd1+ 32. Qxd1 Bxh3 33. Rf7+ Bg7
34. Qf3 Bxg2+ 35. Kxg2 Qe8 36. d6 Qe5 37. Qxb7 Qe2+ 38. Kh1 Qe1+ 39. Kg2 Qd2+
40. Kh1 Qe1+ 41. Kh2 Qd2+ 42. Kg1 Qd1+ 43. Kf2 Qd2+ 44. Kf3 Qd3+ 45. Kf2 Qd2+
1/2-1/2

[Event "Col Ch "]
[Site "Ibague "]
[Date "2013.07.02"]
[Round "2.56"]
[White "Torres, Jorge Emilio"]
[Black "Ortiz, Jairo"]
[Result "1-0"]
[WhiteElo "2000"]
[BlackElo "1725"]
[PlyCount "81"]
[EventDate "2013.07.01"]
[EventType "swiss"]
[EventRounds "11"]
[EventCountry "COL"]
[SourceDate "2005.09.12"]

1. d4 d5 2. Nf3 Nf6 3. Bf4 e6 4. e3 Be7 5. Bd3 c5 6. c3 b6 7. Nbd2 Ba6 8. Bxa6
Nxa6 9. Qa4+ Nd7 10. Qxa6 h5 11. a4 g5 12. Be5 f6 13. Nxg5 fxe5 14. Nxe6 Qb8
15. dxe5 Qxe5 16. Nf4 Rf8 17. Ng6 Qg5 18. Nxf8 Kxf8 19. Qe2 Qxg2 20. Qf3+ Qxf3
21. Nxf3 Kf7 22. O-O-O Nf6 23. Ng5+ Kg6 24. Rhg1 Kf5 25. f3 Rc8 26. e4+ dxe4
27. fxe4+ Ke5 28. Rgf1 Nxe4 29. Nxe4 Kxe4 30. Rfe1+ Kf3 31. Rxe7 a6 32. Rd6 b5
33. axb5 axb5 34. Kd2 b4 35. Rf6+ Kg4 36. Rg7+ Kh4 37. Ke3 bxc3 38. Kf3 c2 39.
Rf4+ Kh3 40. Rg3+ Kxh2 41. Rh4# 1-0

[Event "Col Ch "]
[Site "Ibague "]
[Date "2013.07.02"]
[Round "2.57"]
[White "Figueroa Salcedo, Reinaldo Ar"]
[Black "Herrera Perez, Martin Steven"]
[Result "0-1"]
[WhiteElo "1717"]
[BlackElo "1974"]
[PlyCount "56"]
[EventDate "2013.07.01"]
[EventType "swiss"]
[EventRounds "11"]
[EventCountry "COL"]
[SourceDate "2005.09.12"]

1. c4 c5 2. Nf3 e6 3. Nc3 a6 4. d4 cxd4 5. Nxd4 Qc7 6. e3 b6 7. Bd3 Bb7 8. O-O
Nf6 9. a3 Be7 10. b4 d6 11. a4 Nbd7 12. Bd2 Ne5 13. Be2 Rc8 14. c5 dxc5 15.
bxc5 Bxc5 16. Rc1 Qb8 17. f4 Nc6 18. f5 Nxd4 19. exd4 Bxd4+ 20. Kh1 e5 21. Nb5
Bc5 22. Be3 axb5 23. Bxb5+ Kf8 24. Qb3 Bd5 25. Qd3 h6 26. Bxc5+ bxc5 27. Rxc5
Rxc5 28. Qa3 Qd6 0-1

[Event "Col Ch "]
[Site "Ibague "]
[Date "2013.07.02"]
[Round "2.58"]
[White "Gomez, Jorge Leonardo"]
[Black "Castaneda, Jorge Luis"]
[Result "0-1"]
[WhiteElo "1838"]
[BlackElo "2199"]
[PlyCount "60"]
[EventDate "2013.07.01"]
[EventType "swiss"]
[EventRounds "11"]
[EventCountry "COL"]
[SourceDate "2005.09.12"]

1. d4 Nf6 2. c4 e6 3. Nc3 Bb4 4. f3 d5 5. a3 Be7 6. e4 dxe4 7. fxe4 e5 8. d5
Bc5 9. Nf3 Bg4 10. h3 Bxf3 11. Qxf3 O-O 12. Be3 Bd4 13. Rc1 c5 14. Be2 Nbd7 15.
O-O Ne8 16. Rc2 a6 17. Bd3 Nd6 18. Ne2 Qe7 19. Kh2 Bxe3 20. Qxe3 Rfc8 21. Ng3
g6 22. Rcf2 b5 23. cxb5 axb5 24. Qh6 c4 25. Bb1 c3 26. bxc3 Rxc3 27. Nf5 gxf5
28. exf5 f6 29. g4 Qg7 30. Qh5 h6 0-1

[Event "Col Ch "]
[Site "Ibague "]
[Date "2013.07.02"]
[Round "2.60"]
[White "Lora, Joel Fernando"]
[Black "Corpus Vanegas, Eugenio Miguel"]
[Result "0-1"]
[WhiteElo "2151"]
[BlackElo "1848"]
[PlyCount "66"]
[EventDate "2013.07.01"]
[EventType "swiss"]
[EventRounds "11"]
[EventCountry "COL"]
[SourceDate "2005.09.12"]

1. c4 e5 2. Nc3 Nf6 3. Nf3 Nc6 4. d4 e4 5. Ng5 Bb4 6. d5 Bxc3+ 7. bxc3 Ne5 8.
Qd4 d6 9. Nxe4 Nxe4 10. Qxe4 O-O 11. Bf4 Re8 12. e3 Nd7 13. Qd4 Nc5 14. Bd3 f5
15. h4 h6 16. Bc2 Qe7 17. f3 Bd7 18. Kf2 Qf7 19. Rh3 Re7 20. h5 Rae8 21. Rah1
Bc8 22. Rg3 Kh7 23. Rg6 Nd7 24. Bxh6 gxh6 25. Qf4 Qf8 26. Bxf5 Rf7 27. Rxh6+
Kg8 28. Rh3 Ne5 29. Rg3+ Rg7 30. Bh7+ Kh8 31. Bg6+ Kg8 32. Bxe8 Nd3+ 33. Kg1
Nxf4 0-1

[Event "Col Ch "]
[Site "Ibague "]
[Date "2013.07.02"]
[Round "2.61"]
[White "Nino, Juan Camilo"]
[Black "Huertas Botache, Alvaro Eduard"]
[Result "1-0"]
[WhiteElo "2093"]
[BlackElo "1833"]
[PlyCount "59"]
[EventDate "2013.07.01"]
[EventType "swiss"]
[EventRounds "11"]
[EventCountry "COL"]
[SourceDate "2005.09.12"]

1. e4 e5 2. Nf3 Nc6 3. d4 exd4 4. Nxd4 Bc5 5. Be3 Bb6 6. c3 Nf6 7. Nd2 d6 8.
Bd3 Bd7 9. O-O h6 10. Nc4 Ng4 11. Nxb6 Nxe3 12. Qe2 Nxf1 13. Nxa8 Nxh2 14.
Nxc7+ Qxc7 15. Nb5 Qb8 16. Kxh2 Ne5 17. Kg1 a6 18. Nd4 Qd8 19. Bc4 O-O 20. Rd1
Bg4 21. f3 Bh5 22. Bd5 b5 23. Qe3 Qf6 24. Bb7 Nc4 25. Qc1 g5 26. b3 Ne5 27. Nf5
Rd8 28. Qe3 Kh7 29. Qb6 Ng6 30. g4 1-0

[Event "Col Ch "]
[Site "Ibague "]
[Date "2013.07.02"]
[Round "2.62"]
[White "Ardila, Oscar Humberto"]
[Black "Palechor, Cesar Augusto"]
[Result "1-0"]
[WhiteElo "2077"]
[BlackElo "1794"]
[PlyCount "99"]
[EventDate "2013.07.01"]
[EventType "swiss"]
[EventRounds "11"]
[EventCountry "COL"]
[SourceDate "2005.09.12"]

1. e4 c5 2. c3 g6 3. d4 cxd4 4. cxd4 Bg7 5. Nc3 d6 6. Nf3 e6 7. Be2 b6 8. O-O
Ne7 9. Bf4 a6 10. Qd2 Bb7 11. Bc4 O-O 12. Rac1 b5 13. Bd3 Qb6 14. Bb1 Rd8 15.
Bg5 f6 16. Be3 d5 17. e5 Nf5 18. exf6 Bxf6 19. Bg5 Nd7 20. Ne2 Nd6 21. Qf4 Rf8
22. Qg4 Ne4 23. Bf4 Rac8 24. h4 Bg7 25. Qh3 Ndf6 26. Be5 Bh6 27. Rxc8 Bxc8 28.
g4 Nd7 29. Bh2 b4 30. g5 Rxf3 31. Qxf3 Nd2 32. Qe3 Nxf1 33. Kxf1 Bg7 34. h5
gxh5 35. Qh3 Nf8 36. Qxh5 Bd7 37. Be5 Qd8 38. Bxg7 Kxg7 39. Qh6+ Kg8 40. Nf4
Bb5+ 41. Kg2 Qe7 42. Nh5 Nd7 43. f4 a5 44. Ng3 Nf8 45. Qh3 Ng6 46. Nh5 Be2 47.
Bxg6 hxg6 48. Nf6+ Kg7 49. Qh7+ Kf8 50. Qg8# 1-0

[Event "Col Ch "]
[Site "Ibague "]
[Date "2013.07.02"]
[Round "2.63"]
[White "Otero Fajardo, Alvaro Antonio"]
[Black "Gaviria, Andres Felipe"]
[Result "0-1"]
[WhiteElo "1794"]
[BlackElo "2077"]
[PlyCount "80"]
[EventDate "2013.07.01"]
[EventType "swiss"]
[EventRounds "11"]
[EventCountry "COL"]
[SourceDate "2005.09.12"]

1. e4 c6 2. d4 d5 3. Nc3 dxe4 4. Nxe4 Bf5 5. Ng3 Bg6 6. Nf3 Nd7 7. Bc4 Ngf6 8.
O-O e6 9. Re1 Be7 10. a3 O-O 11. Bd2 Qb6 12. b4 Rfd8 13. Qc1 Nd5 14. Bf1 Bf6
15. c4 Ne7 16. Bc3 Qc7 17. Ne4 Nf5 18. Nxf6+ Nxf6 19. Qb2 Ne8 20. Rac1 Rac8 21.
g3 Qb8 22. a4 b5 23. axb5 cxb5 24. c5 Nc7 25. Ne5 Nd5 26. Bd2 Nde7 27. Be3 f6
28. Nxg6 Nxg6 29. Rcd1 Qb7 30. Bg2 Qf7 31. f4 Rc7 32. Bf2 Nf8 33. Rd2 Ne7 34.
Qb3 f5 35. Red1 Nd5 36. Ra2 Nd7 37. Kf1 N7f6 38. Ra6 h6 39. Re1 Re8 40. Rb1 g5
0-1

[Event "Col Ch "]
[Site "Ibague "]
[Date "2013.07.02"]
[Round "2.64"]
[White "Gamboa, Jose Pompilio"]
[Black "Vasquez, Nuremberg Ad"]
[Result "0-1"]
[WhiteElo "1778"]
[BlackElo "2002"]
[PlyCount "36"]
[EventDate "2013.07.01"]
[EventType "swiss"]
[EventRounds "11"]
[EventCountry "COL"]
[SourceDate "2005.09.12"]

1. e4 e5 2. Nf3 Nc6 3. Nc3 Bc5 4. Bc4 Nf6 5. d3 h6 6. O-O d6 7. a3 Bg4 8. Be3
Bb6 9. Nd5 O-O 10. c3 Nxd5 11. exd5 Ne7 12. h3 Bh5 13. g4 Bg6 14. Bxb6 axb6 15.
Nh4 Bh7 16. Ng2 f5 17. f4 Kh8 18. Qe2 Ng6 0-1

[Event "Col Ch "]
[Site "Ibague "]
[Date "2013.07.02"]
[Round "2.65"]
[White "Garces, Javier"]
[Black "Dabraccio, Guillermo"]
[Result "1-0"]
[WhiteElo "2001"]
[BlackElo "1752"]
[PlyCount "43"]
[EventDate "2013.07.01"]
[EventType "swiss"]
[EventRounds "11"]
[EventCountry "COL"]
[SourceDate "2005.09.12"]

1. d4 d5 2. c4 c6 3. Nf3 Nf6 4. Nc3 a6 5. Bg5 dxc4 6. a4 Nbd7 7. e3 Nb6 8. a5
Nbd5 9. Bxc4 Bg4 10. Qb3 Ra7 11. Bxf6 exf6 12. Nxd5 cxd5 13. Bxd5 Qc7 14. O-O
Bd6 15. Rfc1 Qd7 16. h3 Be6 17. Bxe6 fxe6 18. e4 O-O 19. e5 Be7 20. Qb6 Raa8
21. Rc7 Bd8 22. Rxd7 1-0

[Event "Col Ch "]
[Site "Ibague "]
[Date "2013.07.02"]
[Round "2.66"]
[White "Ribero, Guillermo Andres"]
[Black "Manrique, Fernando"]
[Result "0-1"]
[WhiteElo "1761"]
[BlackElo "1991"]
[PlyCount "60"]
[EventDate "2013.07.01"]
[EventType "swiss"]
[EventRounds "11"]
[EventCountry "COL"]
[SourceDate "2005.09.12"]

1. e4 e5 2. Nf3 Nc6 3. d4 exd4 4. Nxd4 Nf6 5. Nxc6 bxc6 6. e5 Qe7 7. Qe2 Nd5 8.
c4 Qb4+ 9. Nd2 Nf4 10. Qe4 Ne6 11. a3 Qa5 12. Be2 Rb8 13. O-O c5 14. f4 Nd4 15.
Bd1 g6 16. Kh1 Bb7 17. Qd3 Qb6 18. Ba4 Bg7 19. Ne4 Bxe4 20. Qxe4 Qa6 21. b3
Nxb3 22. Bb5 Rxb5 23. cxb5 Qxb5 24. Be3 Nxa1 25. Rxa1 O-O 26. a4 Qe2 27. Rc1 d5
28. Qf3 Qxf3 29. gxf3 c4 30. Rb1 Rd8 0-1

[Event "Col Ch "]
[Site "Ibague "]
[Date "2013.07.02"]
[Round "2.67"]
[White "Escobar, Cesar"]
[Black "Piraquive, Alberto"]
[Result "1-0"]
[WhiteElo "1742"]
[BlackElo "1945"]
[PlyCount "67"]
[EventDate "2013.07.01"]
[EventType "swiss"]
[EventRounds "11"]
[EventCountry "COL"]
[SourceDate "2005.09.12"]

1. e4 c6 2. d4 d5 3. Nc3 dxe4 4. Nxe4 Nf6 5. Ng3 Nbd7 6. Bc4 e6 7. Nf3 Bd6 8.
O-O Qc7 9. Re1 O-O 10. Bb3 b6 11. Ng5 Re8 12. Qd3 Nf8 13. Bd2 Bb7 14. Re2 Rad8
15. Rae1 c5 16. c3 cxd4 17. cxd4 Nd5 18. Ba4 Re7 19. Rc1 Qb8 20. Bc2 Ng6 21. h4
Ndf4 22. Bxf4 Bxf4 23. Rce1 Bxg5 24. hxg5 Qf4 25. Qe3 Rxd4 26. Nf5 Qxe3 27.
Nxe7+ Nxe7 28. Rxe3 Rg4 29. Be4 Bxe4 30. Rxe4 Rxg5 31. Rc1 g6 32. Rc7 Nd5 33.
Rxa7 Kg7 34. Rxe6 1-0

[Event "Col Ch "]
[Site "Ibague "]
[Date "2013.07.02"]
[Round "2.68"]
[White "Munoz, Alvaro E"]
[Black "Ospina Ortiz, Oscar Alexander"]
[Result "0-1"]
[WhiteElo "1739"]
[BlackElo "1943"]
[PlyCount "54"]
[EventDate "2013.07.01"]
[EventType "swiss"]
[EventRounds "11"]
[EventCountry "COL"]
[SourceDate "2005.09.12"]

1. e4 e6 2. d4 d5 3. exd5 exd5 4. h3 Bd6 5. Nf3 h6 6. Nc3 Nf6 7. Bd3 O-O 8. O-O
c6 9. Re1 Be6 10. Ne5 a6 11. f4 Qc8 12. Qf3 Bf5 13. g4 Bxd3 14. cxd3 Nbd7 15.
Ne2 c5 16. Be3 cxd4 17. Nxd7 Qxd7 18. Bxd4 Qb5 19. Bxf6 gxf6 20. Kh1 Rfe8 21.
b3 Qb4 22. Rf1 Qd2 23. Ng1 Re3 24. Qxd5 Rxd3 25. Qg2 Bxf4 26. Qxd2 Bxd2 27.
Rxf6 Bc3 0-1

[Event "Col Ch "]
[Site "Ibague "]
[Date "2013.07.02"]
[Round "2.69"]
[White "Valderrama Quiceno, Esteban Al"]
[Black "Agudelo, Oscar Marino"]
[Result "1-0"]
[WhiteElo "1939"]
[BlackElo "1739"]
[PlyCount "87"]
[EventDate "2013.07.01"]
[EventType "swiss"]
[EventRounds "11"]
[EventCountry "COL"]
[SourceDate "2005.09.12"]

1. e4 c5 2. Nf3 Nc6 3. Bb5 e6 4. O-O Nge7 5. Re1 a6 6. Bf1 Ng6 7. c3 Be7 8. d4
d6 9. a4 e5 10. h3 O-O 11. Na3 f5 12. exf5 Bxf5 13. dxc5 dxc5 14. Qb3+ Kh8 15.
Nc4 Qc7 16. Ng5 h6 17. Ne4 Be6 18. Qb6 Rac8 19. Be3 Nd8 20. Rad1 Qc6 21. Qxc6
Rxc6 22. a5 Nf7 23. Nb6 Nf4 24. Kh2 Ng5 25. Nxg5 Bxg5 26. Nd7 Bxd7 27. Rxd7 Bd8
28. Rxb7 Bxa5 29. Ra1 Nd5 30. Bc1 Bc7 31. Kg1 a5 32. Bd3 Nf6 33. Be3 c4 34. Be2
e4 35. Ra4 Nd5 36. Bd4 Nf4 37. Bxc4 Rg6 38. Rxc7 Nxh3+ 39. Kf1 Nxf2 40. Rf7
Rxf7 41. Bxf7 Rg5 42. Kxf2 Rf5+ 43. Ke3 Rxf7 44. Rxa5 1-0

[Event "Col Ch "]
[Site "Ibague "]
[Date "2013.07.02"]
[Round "2.70"]
[White "Jaramillo, Carlos Orlando"]
[Black "Jaramillo, Daniel Alejandro"]
[Result "1-0"]
[WhiteElo "1930"]
[BlackElo "1693"]
[PlyCount "93"]
[EventDate "2013.07.01"]
[EventType "swiss"]
[EventRounds "11"]
[EventCountry "COL"]
[SourceDate "2005.09.12"]

1. b4 d5 2. e3 Bf5 3. d4 e6 4. a3 Nf6 5. Nf3 Bd6 6. Bb2 Nbd7 7. Nbd2 c6 8. c4
O-O 9. Be2 Ne4 10. O-O Qe7 11. Rc1 Rac8 12. Ne5 f6 13. Nxd7 Qxd7 14. f4 a6 15.
Nf3 Qe8 16. Nh4 Bg6 17. Nxg6 hxg6 18. Bd3 f5 19. Bxe4 fxe4 20. Qg4 Rf5 21. c5
Bc7 22. g3 Qf7 23. h4 Rf8 24. a4 Ra8 25. Bc3 Kh7 26. Kg2 Kg8 27. Rb1 Qe8 28.
Qe2 b6 29. cxb6 Bxb6 30. Rfc1 Rf7 31. a5 Bd8 32. Bd2 Rb7 33. Rc5 Be7 34. Rc2
Bd6 35. Qf1 Kf7 36. Rbc1 Bxb4 37. Rb1 Rab8 38. Qxa6 Rb5 39. Bxb4 Rxb4 40. Rxb4
Rxb4 41. Rxc6 Rb2+ 42. Kh3 Rb8 43. Rc7+ Kg8 44. Qa7 Qf8 45. Rxg7+ Kh8 46. Rf7
Qg8 47. Qe7 1-0

[Event "Col Ch "]
[Site "Ibague "]
[Date "2013.07.02"]
[Round "2.71"]
[White "Olarte Parra, Jhoan Sebastian"]
[Black "Trujillo, Luis Angel"]
[Result "1-0"]
[WhiteElo "1924"]
[BlackElo "1682"]
[PlyCount "64"]
[EventDate "2013.07.01"]
[EventType "swiss"]
[EventRounds "11"]
[EventCountry "COL"]
[SourceDate "2005.09.12"]

1. e4 e5 2. Nf3 Nc6 3. Bc4 Bc5 4. c3 d6 5. d4 exd4 6. cxd4 Bb4+ 7. Bd2 Bxd2+ 8.
Nbxd2 Nf6 9. O-O O-O 10. Re1 Bg4 11. Qc2 d5 12. exd5 Nxd5 13. Qe4 Nf6 14. Qf4
Nb4 15. Rac1 c6 16. Ne5 Be6 17. Bxe6 fxe6 18. a3 Nbd5 19. Qh4 Ne7 20. Ndf3 Nf5
21. Qh3 Qd5 22. Nd3 Qd6 23. Nc5 Nxd4 24. Nxd4 Qxd4 25. Nxe6 Qxb2 26. Nxf8 Rxf8
27. Rb1 Qd2 28. Qe6+ Kh8 29. Re2 Qd3 30. Rb3 Qd1+ 31. Re1 Qd4 32. Qe7 Nd7 1-0

[Event "Col Ch "]
[Site "Ibague "]
[Date "2013.07.02"]
[Round "2.75"]
[White "O Neil, Donovan"]
[Black "Carrillo, Custodio"]
[Result "0-1"]
[WhiteElo "1692"]
[BlackElo "1886"]
[PlyCount "74"]
[EventDate "2013.07.01"]
[EventType "swiss"]
[EventRounds "11"]
[EventCountry "COL"]
[SourceDate "2005.09.12"]

1. e4 c5 2. Nf3 d6 3. d4 cxd4 4. Nxd4 Nf6 5. Nc3 a6 6. Bc4 e6 7. Nf3 Be7 8. O-O
b5 9. Bb3 Bb7 10. Re1 b4 11. e5 bxc3 12. exf6 Bxf6 13. Ba4+ Nc6 14. b3 O-O 15.
Ba3 Be7 16. Re3 Rc8 17. Rd3 d5 18. Bxe7 Qxe7 19. a3 Qf6 20. Nd4 Ne5 21. Re3 Rc7
22. h3 Rfc8 23. Qe2 Ng6 24. Rd1 e5 25. Rf3 Qg5 26. Rf5 Qe7 27. Nf3 f6 28. g3
Qxa3 29. h4 Qb4 30. Qd3 e4 31. Qd4 Qxd4 32. Nxd4 Kf7 33. b4 Ne5 34. h5 g6 35.
hxg6+ hxg6 36. Rf4 Rh8 37. Bb3 Nc4 0-1

[Event "Col Ch "]
[Site "Ibague "]
[Date "2013.07.02"]
[Round "2.76"]
[White "Pena Mora, Carlos"]
[Black "Aristizabal, Jorge"]
[Result "0-1"]
[WhiteElo "1658"]
[BlackElo "1881"]
[PlyCount "66"]
[EventDate "2013.07.01"]
[EventType "swiss"]
[EventRounds "11"]
[EventCountry "COL"]
[SourceDate "2005.09.12"]

1. Nf3 d5 2. d4 Nf6 3. c4 e6 4. g3 a6 5. e3 dxc4 6. Bxc4 b5 7. Be2 Bb7 8. b3
Bd6 9. Bb2 O-O 10. O-O Nbd7 11. a4 b4 12. Nbd2 a5 13. Rc1 Re8 14. Nc4 Bf8 15.
h3 c5 16. dxc5 Nxc5 17. Bxf6 Qxf6 18. Qc2 Qg6 19. Nce5 Qxc2 20. Rxc2 Nxb3 21.
Rc7 Bd5 22. Nxf7 Rec8 23. Rxc8 Rxc8 24. N7e5 Rc1 25. Nd4 Nxd4 26. exd4 Rxf1+
27. Kxf1 Bd6 28. Nc4 Bc7 29. Bd3 Kf8 30. f3 Ke7 31. Ke2 g6 32. Kd2 Kf6 33. Ne3
Bxg3 0-1

[Event "Col Ch "]
[Site "Ibague "]
[Date "2013.07.02"]
[Round "2.78"]
[White "Sandoval Guerrero, Juan David"]
[Black "Acosta Cruz, Luis Ivan"]
[Result "0-1"]
[WhiteElo "1501"]
[BlackElo "1879"]
[PlyCount "50"]
[EventDate "2013.07.01"]
[EventType "swiss"]
[EventRounds "11"]
[EventCountry "COL"]
[SourceDate "2005.09.12"]

1. e4 e5 2. Nf3 Nc6 3. Bc4 Bc5 4. c3 Qe7 5. O-O d6 6. d4 Bb6 7. d5 Nb8 8. Bd3
Nf6 9. Bg5 Nbd7 10. b4 h6 11. Bh4 g5 12. Bg3 Nf8 13. Bb5+ Kd8 14. Re1 Ng6 15.
h4 g4 16. Nfd2 a6 17. Be2 Nh5 18. Kh2 Nxh4 19. Bxg4 Nf4 20. Bxf4 exf4 21. Rf1
Qg5 22. Bf3 Rg8 23. Qe2 Nxg2 24. Kg1 Ne3+ 25. Kh2 Qh4# 0-1

[Event "Col Ch "]
[Site "Ibague "]
[Date "2013.07.02"]
[Round "3.1"]
[White "Barrientos, Sergio E"]
[Black "Martinez Romero, Martin"]
[Result "1-0"]
[WhiteElo "2476"]
[BlackElo "2402"]
[PlyCount "43"]
[EventDate "2013.07.01"]
[EventType "swiss"]
[EventRounds "11"]
[EventCountry "COL"]
[SourceDate "2005.09.12"]
[WhiteClock "0:32:47"]
[BlackClock "0:13:14"]

1. e4 c5 2. Nf3 d6 3. d4 cxd4 4. Nxd4 Nf6 5. Nc3 Nc6 6. Bg5 e6 7. Qd2 a6 8.
O-O-O h6 9. Nxc6 bxc6 10. Bf4 d5 11. Qe3 Qa5 12. Be2 Bb7 13. Kb1 Qc5 14. Qd3
Be7 15. h4 Qxf2 16. Be5 Rd8 17. Rdf1 Qc5 18. Qg3 dxe4 19. a3 Rd7 20. Bxf6 gxf6
21. Qb8+ Bd8 22. Nxe4 1-0

[Event "Col Ch "]
[Site "Ibague "]
[Date "2013.07.02"]
[Round "3.2"]
[White "Mosquera, Miguel"]
[Black "Arenas, David"]
[Result "1-0"]
[WhiteElo "2391"]
[BlackElo "2437"]
[PlyCount "107"]
[EventDate "2013.07.01"]
[EventType "swiss"]
[EventRounds "11"]
[EventCountry "COL"]
[SourceDate "2005.09.12"]
[WhiteClock "0:18:21"]
[BlackClock "0:31:03"]

1. e4 c5 2. Nf3 d6 3. d4 Nf6 4. Nc3 cxd4 5. Nxd4 g6 6. Be3 Bg7 7. f3 a6 8. Qd2
Nbd7 9. g4 b5 10. O-O-O Bb7 11. Bh6 Bxh6 12. Qxh6 b4 13. Nce2 Rc8 14. Ng3 Ne5
15. Bh3 e6 16. Kb1 Qe7 17. Rhe1 Nc4 18. Bf1 Ng8 19. Qg7 Qf6 20. Qxf6 Nxf6 21.
Bxc4 Rxc4 22. Nb3 Ke7 23. Na5 Rc7 24. Rd4 h5 25. g5 Nd7 26. Rxb4 h4 27. Rxb7
Rxb7 28. Nxb7 hxg3 29. hxg3 Ne5 30. f4 Nf3 31. Rd1 Nd2+ 32. Kc1 Nxe4 33. Na5
Nxg3 34. Nc6+ Kd7 35. Ne5+ Kc7 36. Rxd6 Ne2+ 37. Kd2 Nxf4 38. Rd7+ Kb6 39. Rxf7
Rh2+ 40. Kc3 Nd5+ 41. Kb3 Rg2 42. Nxg6 Rxg5 43. Nf4 Rg3+ 44. c3 Nc7 45. Rf6 Re3
46. Kc4 Kc6 47. Kd4 Rf3 48. Nd5 Nb5+ 49. Ke5 Rxf6 50. Nxf6 Kc5 51. Ne4+ Kc4 52.
Nd6+ Kd3 53. Nxb5 axb5 54. Kxe6 1-0

[Event "Col Ch "]
[Site "Ibague "]
[Date "2013.07.02"]
[Round "3.4"]
[White "Panesso Rivera, Henry"]
[Black "Hernandez Sanchez, Jairo Andre"]
[Result "1-0"]
[WhiteElo "2341"]
[BlackElo "2320"]
[PlyCount "77"]
[EventDate "2013.07.01"]
[EventType "swiss"]
[EventRounds "11"]
[EventCountry "COL"]
[SourceDate "2005.09.12"]
[WhiteClock "0:29:30"]
[BlackClock "0:00:35"]

1. e4 c5 2. Nf3 Nc6 3. Bb5 g6 4. Bxc6 dxc6 5. d3 Bg7 6. h3 Nf6 7. Nc3 Nd7 8.
Be3 e5 9. Qd2 h6 10. Nh2 Qe7 11. O-O g5 12. a3 Nf8 13. b4 Ne6 14. Na4 b6 15.
bxc5 b5 16. Nb2 O-O 17. a4 Bd7 18. Ra2 Nd4 19. c3 Nb3 20. Qc2 Nxc5 21. Rfa1 Be6
22. Ra3 Rfd8 23. axb5 cxb5 24. c4 Rdc8 25. Ra5 bxc4 26. Bxc5 Rxc5 27. Nxc4 Rxa5
28. Rxa5 Qb4 29. Ra4 Qe1+ 30. Nf1 Bxc4 31. Rxc4 Bf8 32. Rc7 Bd6 33. Rd7 Bb4 34.
Qc6 Rf8 35. Qxh6 Qc1 36. g3 Bc5 37. Qf6 Bd4 38. Kg2 g4 39. hxg4 1-0